000 01202nam a2200337Ia 4500
001 Para_9159
003 CHAP
008 220125s2006 xx 000 0 und d
010 _a207892
040 _cCHAP
090 _aPA TESIS 1979
100 _aRangel Jiménez, Valentina Antonia
_994604
245 _aDeterminación, patogenicidad y biocontrol de la pudrición de raíz, cuello y marchitez del chile manzano (Capsicum pubescens R & P) /
_c por Valentina Antonia Rangel Jiménez
260 _aChapingo, Méx. :
_b el autor
300 _a84 h.
502 _aTesis (M.C. Protección Vegetal) UACh. Departamento Parasitología Agrícola
650 0 _aChile manzano
_x Enfermedades por hongos
_9174361
650 _aControl biológico de hongos
_927580
650 _aFusarium oxysporum
_944093
650 _aHongos fitopatógenos
_956132
650 _aPhytophthora capsici
_987920
650 _aRhizoctonia solani
_997134
710 _aUACh. Departamento Parasitología Agrícola
_9164025
901 _aPA TESIS 1979
902 _aA
905 _a0000002006 amn 0000000000 00
910 _a2006
942 _cPARA
942 _cPARA
_d2
999 _c207892
_d207892